000 00276nam a2200133Ia 4500
100 _aPistoia/Marco
942 _cBK
654 _ajava2
245 _aJava 2 Network Security
260 _bPearson Education
_c2001
082 _a5.8
_bPIS
300 _a713
546 _aENGLISH
999 _c31415
_d31415